000 00859nam a2200241 i 4500
001 33988
003 ES-MaACL
005 20250712032630.0
007 t|
008 030203s1888 sp |||| | spa d
100 1 _aBlasco Ibáñez, Vicente,
_d1867-1928
_929388
245 1 3 _aEl adiós de Schubert
_b; Mademoiselle Norma ; Un idilio nihilista ; Marinoni ; La muerte de Capeto /
_cpor Vicente Blasco Ibáñez.
246 3 _aMademoiselle Norma
246 3 _aMarinoni
260 _aValencia :
_b[s.n.,
_c1888] (
_fImp. de "El Correo de Valencia")
300 _a436 p. ;
_c19 cm.
530 _aDisponible en formato digital.
740 3 2 _aUn idilio nihilista.
740 3 2 _aLa muerte de Capeto.
852 _aES-MaACL
_jB-2646
856 _uhttp://bdh-rd.bne.es/viewer.vm?id=0000050520&page=1
_zBiblioteca Digital Hispánica
999 _c33988
_d33988